00151 a2200073 450000100060000010000140000624500340002026000230005426186 aThomas P aDeath camps of the River Kwai abUnited Writersc